Romeinse goden - Statistieken

Algemene statistieken
  • Deze quiz is 346 keer genomen
  • De gemiddelde score is 8 van 10
Antwoordstatistieken
Grieks Romeins % Correct
Zeus Jupiter
98%
Aphrodite Venus
86%
Poseidon Neptunus
85%
Ares Mars
83%
Apollo Apollo
77%
Hera Juno
75%
Hades Pluto
75%
Dionysos Bacchus
72%
Artemis Diana
69%
Athena Minerva
69%
Geen overeenkomende quizzen gevonden
Scoreverdeling
Procent van Mensen met Elke Score
Percentiel versus Aantal Correcte Antwoorden
Uw Scoregeschiedenis
U heeft deze quiz nog niet genomen